<?xml version="1.0" encoding="UTF-8"?>
<record
    xmlns:xsi="http://www.w3.org/2001/XMLSchema-instance"
    xsi:schemaLocation="http://www.loc.gov/MARC21/slim http://www.loc.gov/standards/marcxml/schema/MARC21slim.xsd"
    xmlns="http://www.loc.gov/MARC21/slim">

  <leader>01844nam a2200373 a 4500</leader>
  <controlfield tag="003">CHAP</controlfield>
  <controlfield tag="005">20230315175202.0</controlfield>
  <controlfield tag="007">ta</controlfield>
  <controlfield tag="008">230315s2015    sp ao||f |||| 001 0 spa d</controlfield>
  <datafield tag="020" ind1=" " ind2=" ">
    <subfield code="a">978-84-940582-9-5</subfield>
  </datafield>
  <datafield tag="040" ind1=" " ind2=" ">
    <subfield code="a">mxchpua</subfield>
    <subfield code="c">CHAP</subfield>
    <subfield code="e">rda</subfield>
  </datafield>
  <datafield tag="050" ind1="1" ind2="0">
    <subfield code="a">QK98.5</subfield>
    <subfield code="b">.B47 2015</subfield>
  </datafield>
  <datafield tag="082" ind1="0" ind2="0">
    <subfield code="2">20</subfield>
    <subfield code="a">641.65</subfield>
    <subfield code="b">B47 2015</subfield>
  </datafield>
  <datafield tag="100" ind1="1" ind2=" ">
    <subfield code="9">186420</subfield>
    <subfield code="a">Bertrand, Bernard</subfield>
    <subfield code="e">autor</subfield>
  </datafield>
  <datafield tag="240" ind1="1" ind2="0">
    <subfield code="a">Carnet de cuisine sauvage.</subfield>
    <subfield code="l">Espa&#xF1;ol</subfield>
  </datafield>
  <datafield tag="245" ind1="1" ind2="0">
    <subfield code="a">Cocinar con plantas silvestres : </subfield>
    <subfield code="b">reconocer, recolectar, utilizar / </subfield>
    <subfield code="c">Bernard Bertrand ; traductor Pascual Ayet ; editores Rosa Barasoain y Fernando L&#xF3;pez </subfield>
  </datafield>
  <datafield tag="250" ind1=" " ind2=" ">
    <subfield code="a">1a edici&#xF3;n </subfield>
  </datafield>
  <datafield tag="264" ind1=" " ind2=" ">
    <subfield code="a">Espa&#xF1;a : </subfield>
    <subfield code="b">La fertilidad de la Tierra, </subfield>
    <subfield code="c">2015</subfield>
  </datafield>
  <datafield tag="300" ind1=" " ind2=" ">
    <subfield code="a">187 p&#xE1;ginas : </subfield>
    <subfield code="b">ilustraciones, fotos</subfield>
  </datafield>
  <datafield tag="336" ind1=" " ind2=" ">
    <subfield code="2">rdacontent</subfield>
    <subfield code="a">texto</subfield>
    <subfield code="b">txt</subfield>
  </datafield>
  <datafield tag="337" ind1=" " ind2=" ">
    <subfield code="2">rdamedia</subfield>
    <subfield code="a">sin medio</subfield>
    <subfield code="b">n</subfield>
  </datafield>
  <datafield tag="338" ind1=" " ind2=" ">
    <subfield code="2">rdacarrier</subfield>
    <subfield code="a">volumen</subfield>
    <subfield code="b">nc</subfield>
  </datafield>
  <datafield tag="490" ind1="1" ind2=" ">
    <subfield code="a">Saber hacer (La fertilidad de la tierra)</subfield>
  </datafield>
  <datafield tag="520" ind1="2" ind2=" ">
    <subfield code="a">Hay quien dir&#xE1; que cocinar con plantas silvestres es una moda, o que fue una necesidad, pero es tambi&#xE9;n una libertad, una sabidur&#xED;a recuperada, un placer... Apasionado conocedor de las plantas desde hace m&#xE1;s de 35 a&#xF1;os, el autor ha fotografiado, descrito, recolectado y cocinado previamente para nosotros 142 plantas, que presenta en sus lugares predilectos, con sus nombres populares, sus riesgos de confusi&#xF3;n, si es el fruto, la flor o la hoja lo que nos interesa y la mejor forma de degustarlas. Probarlas es amarlas.</subfield>
  </datafield>
  <datafield tag="650" ind1="1" ind2="3">
    <subfield code="9">147880</subfield>
    <subfield code="a">Gastronom&#xED;a  </subfield>
  </datafield>
  <datafield tag="650" ind1="1" ind2="3">
    <subfield code="9">89083</subfield>
    <subfield code="a">Plantas silvestres</subfield>
  </datafield>
  <datafield tag="650" ind1="1" ind2="3">
    <subfield code="9">147881</subfield>
    <subfield code="a">Gastronomy  </subfield>
  </datafield>
  <datafield tag="650" ind1="1" ind2="3">
    <subfield code="9">163162</subfield>
    <subfield code="a">Wild plants</subfield>
  </datafield>
  <datafield tag="700" ind1="1" ind2=" ">
    <subfield code="9">186422</subfield>
    <subfield code="a">Ayet, Pascual</subfield>
    <subfield code="e">traductor</subfield>
  </datafield>
  <datafield tag="700" ind1="1" ind2=" ">
    <subfield code="9">186423</subfield>
    <subfield code="a">Barasoain, Rosa</subfield>
    <subfield code="e">editora</subfield>
  </datafield>
  <datafield tag="700" ind1="1" ind2=" ">
    <subfield code="9">186424</subfield>
    <subfield code="a">L&#xF3;pez, Fernando</subfield>
    <subfield code="e">editor</subfield>
  </datafield>
  <datafield tag="830" ind1=" " ind2="0">
    <subfield code="9">186421</subfield>
    <subfield code="a">Saber hacer (La fertilidad de la tierra)</subfield>
  </datafield>
  <datafield tag="942" ind1=" " ind2=" ">
    <subfield code="2">ddc</subfield>
    <subfield code="c">Libro</subfield>
  </datafield>
  <datafield tag="999" ind1=" " ind2=" ">
    <subfield code="c">218552</subfield>
    <subfield code="d">218552</subfield>
  </datafield>
  <datafield tag="952" ind1=" " ind2=" ">
    <subfield code="0">0</subfield>
    <subfield code="1">0</subfield>
    <subfield code="2">ddc</subfield>
    <subfield code="4">0</subfield>
    <subfield code="5">1</subfield>
    <subfield code="7">0</subfield>
    <subfield code="8">GRAL</subfield>
    <subfield code="a">IA_</subfield>
    <subfield code="b">IA_</subfield>
    <subfield code="d">2021-12-09</subfield>
    <subfield code="e">Compra Librer&#xED;a UACh F 39634 </subfield>
    <subfield code="i">Consumo</subfield>
    <subfield code="l">0</subfield>
    <subfield code="o">641.65 B47 2015</subfield>
    <subfield code="p">1102014442</subfield>
    <subfield code="r">2023-03-15 00:00:00</subfield>
    <subfield code="t">Ej. 1</subfield>
    <subfield code="w">2023-03-15</subfield>
    <subfield code="y">LIBRO</subfield>
  </datafield>
</record>
